000 01676nam0a2200349 4500
001 v19\rc\1977311
005 20251118181229.2
035 _a(NLR Aleph) 005069688
090 _a7082268
_c7082268
100 _a20080623d1914 u y0rusy50 ca
101 1 _arus
_achi
_ceng
102 _aRU
105 _aa j 000yy
200 1 _aКраткая маньчжурская грамматика
_fП. фон-Мэллендорф
_gперев. с английскаго Э. А. Лабербис
210 _aВладивосток
_cТипография и цинкография "Далекая Окраина"
_d1914
215 _a[4], 38 с.
_cтабл.
_d21
225 1 _aManjurica
_eиздание работ студентов китайско-маньчжурскаго отделения Восточнаго Института под ред. и. д. проф. А. В. Гребенщикова
_v1
300 _aЗагл. ориг.: A Manchu Grammar With Analysed Texts
454 0 _12001#$aA Manchu Grammar With Analysed Texts
_tA Manchu Grammar With Analysed Texts
517 1 _aКраткая манчжурская грамматика
700 1 _7ca
_8rus
_aМёллендорф
_bП. Г. фон
_f1847-1901
_gПауль Георг фон
_9267400
_3RU\NLR\AUTH\770267456
702 1 _aЛабербис
_bЭ. А.
_f1894-
_gЭдуард Альфредович
_4730
801 0 _aRU
_bNLR
_gpsbo
801 0 _aRU
_bRuMoRGB
_2psbo
801 1 _aRU
_bProSoft-M
_2rusmarc
852 _aNLR
_j37.59.5.190
899 _aRuMoRGB
_jV 102/147
899 _aБАН
899 _aНБ СПбГУ
942 _cBOOK
980 _aNB